000 00519nam a2200181Ia 4500
005 20260415160316.0
008 008 250505s9999 xx 000 0 eng d
037 _aTextual
040 _aFEDL
_beng
_cFEDL
041 _aeng
_2eng
084 _a707 WIN
_qFEDL
100 _aWinslow Leon Loyal
_992422
245 0 _aArt in secondary education
260 _aNew York, USA
_bMcGraw-Hill Book Company
_c1941
300 _axvii,396p.
942 _cTEXL
_h707 WIN
999 _c1321521
_d1321521